top 100 sci-fi movies - Statistics

General Stats
  • This quiz has been taken 37 times
  • The average score is 35 of 100
Answer Stats
Hint Answer % Correct
3. 1977 Star Wars
90%
1. 1968 2001: A Space Odyssey
87%
2. 1991 Terminator 2
83%
20 1984 The Terminator
83%
6. 1979 Alien
77%
28. 1982 E.T
77%
11. 2014 Interstellar
73%
4. 1986 Aliens
70%
51. 2009 Avatar
70%
7. 1980 The Empire Strikes Back
70%
8. 1999 The Matrix
70%
27. 1982 Blade Runner
67%
68. 1977 Close Encounters Of The Third Kind
67%
10. 1993 Jurassic Park
67%
19. 1983 Return Of The Jedi
67%
9. 2010 Inception
63%
26. 2021 Dune
60%
5. 1927 Metropolis
60%
14. 1985 Back To The Future
57%
49. 2012 The Avengers
57%
12. 1968 Planet Of The Apes
53%
54. 2011 Rise Of The Planet Of The Apes
53%
60. 2008 Iron Man
50%
82. 2002 Spider-Man
50%
33. 2015 The Martian
50%
37. 1982 The Thing
50%
55. 2013 Gravity
47%
21. 2015 Mad Max: Fury Road
47%
13. 1971 A Clockwork Orange
43%
70. 2002 Minority Report
43%
35. 1987 Predator
43%
16. 1987 Robocop
43%
40. 1953 The War Of The Worlds
43%
42. 2016 Arrival
40%
50. 2014 Guardians Of The Galaxy
40%
38. 1978 Superman
40%
90. 1995 12 Monkeys
37%
22. 2019 Avengers: Endgame
37%
18. 2018 Avengers: Infinity War
37%
36. 1931 Frankenstein
37%
61. 2006 Children Of Men
33%
23. 2004 Eternal Sunshine Of The Spotless Mind
33%
81. 2015 Ex Machina
33%
62. 1954 Godzilla
33%
94. 1933 King Kong
33%
78. 2012 Looper
33%
65. 1997 Men In Black
33%
43. 2017 Blade Runner 2049
30%
76. 2016 Deadpool
30%
30. 2017 Logan
30%
69. 2004 Spider-Man 2
30%
97. 1986 The Fly
30%
25. 2008 WALL-E
30%
24. 2026 Project Hail Mary
27%
72. 1997 Starship Troopers
27%
99. 1997 The Fifth Element
27%
85. 2012 The Hunger Games
27%
93. 2002 28 Days Later
23%
34. 1989 Back To The Future Part 2
23%
75. 2017 Guardians Of The Galaxy Vol 2
23%
67. 1976 Logan's Run
23%
77.2012 Prometheus
23%
15. 1960 The Time Machine
23%
48. 1990 Back To The Future Part 3
20%
47. 1985 Brazil
20%
32. 1935 Bride Of Frankenstein
20%
17. 2024 Dune: Part Two
20%
52. 2014 Edge Of Tomorrow
20%
63. 2023 Guardians Of The Galaxy Vol 3
20%
89. 2018 Ready Player One
20%
29. 1982 Star Trek 2
20%
45. 1986 Star Trek 4
20%
56. 1984 1984
17%
84. 2025 Avatar: Fire And Ash
17%
59. 2022 Avatar: The Way Of Water
17%
87. 2012 Cloud Atlas
17%
98. 2024 Deadpool & Wolverine
17%
46. 1972 Solaris
17%
92. 1979 Stalker
17%
86. 2014 Captain America: The Winter Soldier
13%
44. 2014 Dawn Of The Planet Of The Apes
13%
57. 1978 Invasion Of The Body Snatchers
13%
39. 2021 Spider-Man: No Way Home
13%
66. 2005 Star Wars: Revenge Of The Sith
13%
79. 2013 The Hunger Games: Catching Fire
13%
88. 2014 X-Men: Days Of Future Past
13%
53. 2023 Godzilla Minus One
10%
41. 2013 Her
10%
95. 2005 Serenity
10%
74. 1999 The Iron Giant
10%
64. 2017 War For The Planet Of The Apes
10%
71. 2003 X2
10%
100. 2011 X-Men: First Class
10%
91. 2001 Donnie Darko
7%
83. 2025 Predator: Badlands
7%
73. 2013 Star Trek Into Darkness
7%
58. 1981 The Road Warrior
7%
31. 2024 The Wild Robot
7%
96. 2024 Furiosa: A Mad Max Saga
3%
80. 2016 Rogue One: A Star Wars Story
3%
No matching quizzes found
Score Distribution
Percent of People with Each Score
Percentile by Number Answered
Your Score History
You have not taken this quiz